Rama: (Record no. 144365)

MARC details
000 -LEADER
fixed length control field 00596nam a22001817a 4500
010 ## - LCCN (DPL NO)
LC control number ENG-120381
020 ## - INTERNATIONAL STANDARD BOOK NUMBER
International Standard Book Number 9788184621389
Terms of availability 2500.00
035 ## - SYSTEM CONTROL NUMBER
System control number EN-103913
037 ## - SOURCE OF ACQUISITION
Source of stock number/acquisition DBAD /PUB
082 ## - DEWEY DECIMAL CLASSIFICATION NUMBER
Classification number 230.2
100 ## - MAIN ENTRY--PERSONAL NAME
Personal name Chandrika
245 ## - TITLE STATEMENT
Title Rama:
Remainder of title the human expression of the divine /
Statement of responsibility, etc by Chandrika
260 ## - PUBLICATION, DISTRIBUTION, ETC. (IMPRINT)
Place of publication, distribution, etc Mumbai
Name of publisher, distributor, etc Vakils,feffer and simons
Date of publication, distribution, etc 2017
270 ## - ADDRESS
Address Industry manor,appasaheb marathe marg,Prabhadevi
City Mumbai
Postal code 400025
300 ## - PHYSICAL DESCRIPTION
Extent xxviii,548p. :
Dimensions 26cm(Hb)
Other physical details ill(col.).
500 ## - GENERAL NOTE
General note Includes bibliographical references.
942 ## - ADDED ENTRY ELEMENTS (KOHA)
Source of classification or shelving scheme Dewey Decimal Classification
Item type English Books
Classification part 230.2
Call number suffix CHA
Holdings
Withdrawn status Lost status Not for loan Collection code Home library Current library Date acquired Source of acquisition Cost, normal purchase price Full call number Barcode Copy number Cost, replacement price Koha item type
    Not For Loan Reference Central Library Central Library 12/09/2017 DBAD/PUB 2500.00 230.2 CHA EN-103913 1 2500.00 English Books

© Delhi Public Library
Hit Counter
free hit counter